000 01387nam0a2200337 4500
001 RU\NLR\BIBL_A\011783237
005 20180921102949.0
010 _a978-5-222-30447-1
_93000
021 _aRU
_bКН-П-18-057695
_9КН-П-18-4169
035 _a(NLR Aleph) 011783237
035 _a(RuMoRGB)009711994
090 _a11787731
_c11787731
100 _a20180906d2018 u y0rusy50 ca
101 0 _arus
102 _aRU
105 _ay|||zzzz000zy
200 1 _aНовый репетитор по обществознанию
_eдля подготовки к ЕГЭ
_e[учебное пособие
_fО. С. Белокрылова и др.
_gредкол. : О. С. Белокрылова и др.]
205 _aИзд. 2-е
210 _aРостов-на-Дону
_cФеникс
_d2018
215 _a508 с.
_cил.
_d21
225 1 _aГосударственный экзамен
320 _aБиблиогр.: с. 496-497
333 _a0+
606 1 _aОбществоведение
_jУчебные издания для высших учебных заведений
_2nlr_sh1
_2nlr_sh2
_3RU\NLR\AUTH\66791493
686 1 _aС.я73
702 1 _aБелокрылова
_bО. С.
_f1949-
_gОльга Спиридоновна
_3RU\NLR\AUTH\7728332
_4220
942 _cBOOK
980 _aNBR
980 _aNB